Circuits And Networks (Record no. 292164)

MARC details
000 -LEADER
fixed length control field 00454nam a2200169Ia 4500
008 - FIXED-LENGTH DATA ELEMENTS--GENERAL INFORMATION
fixed length control field 230718s9999 xx 000 0 und d
041 ## - LANGUAGE CODE
Language code of text/sound track or separate title eng
082 ## - DEWEY DECIMAL CLASSIFICATION NUMBER
Classification number 621.319'2
Item number SUD
100 ## - MAIN ENTRY--PERSONAL NAME
Personal name Sudhakar A.
245 ## - TITLE STATEMENT
Title Circuits And Networks
Remainder of title Analysis and Synthesis
250 ## - EDITION STATEMENT
Edition statement 2nd ed.
260 ## - PUBLICATION, DISTRIBUTION, ETC. (IMPRINT)
Date of publication, distribution, etc. 1994
Name of publisher, distributor, etc. Tata McGraw-Hill
300 ## - PHYSICAL DESCRIPTION
Extent 754
365 ## - TRADE PRICE
Currency code Rs.
Price amount 115.00
700 ## - ADDED ENTRY--PERSONAL NAME
Personal name Sudhakar A. & Shyammohan S.P.
9 (RLIN) 185262
906 ## - LOCAL DATA ELEMENT F, LDF (RLIN)
d B:11-Mar-1994
c ETC
Holdings
Withdrawn status Lost status Damaged status Not for loan Home library Current library Date acquired Vendor Budget Code Cost, normal purchase price Total Checkouts Full call number Barcode Date last seen Cost, replacement price Bill Date Koha item type Original Barcode
        Cummins College of Engineering for Women Pune Cummins College of Engineering for Women Pune 17/03/1994 Pradeep Book Distributors ETC 115.00   621.319'2 CCEP-BK-3265 18/07/2023 115.00 11/03/1994 Books 003265